00572 a2200169 4500010001400000020002300014035001300037037001500050082001100065245011100076260004300187270009200230300002200322500001900344700002100363700001800384 aENG-86866 a8121209439c540.00 aEN-70399 bDBAD / PUB14a333.951 aMan in biosphere :ced. by Arun Kumar Singh [and] Suresh Patilba case study of Nilgiri bioshere reserve / aNew DelhibGyan Publishing Housec2007 a5, Ansari Road, DaryaganjbNew Delhie110 002k23282060, 23261060mbooks@gyanbooks .com a307 pc21 cm (Hb) aIncludes index1 aArun Kumar Singh1 aPatil, Suresh